banner koha

Morphophysiological changes in Psidium cattleianum caused by air emissions from a mining industry in Brumado, Bahia, Brazil (Registro n. 340454)

MARC details
000 -LÍDER
fixed length control field 03954nab a2200349 i 4500
003 - CÓDIGO MARC DA AGÊNCIA CATALOGADORA
Campo de controle BR-BrBNA
005 - DATA E HORA DA ÚLTIMA ATUALIZAÇÃO
Campo de controle 20260318181227.0
008 - CAMPO DE TAMANHO FIXO
fixed length control field 260318b2018 bl.qr|pooa||| 00| 0 eng |
040 ## - FONTE DA CATALOGAÇÃO
Agência catalogadora BR-BrBNA
Idioma da catalogação eng
072 ## - CATEGORIA AGRIS
Código AGRIS T01
Código do objeto 1190
100 ## - ENTRADA PRINCIPAL - NOME PESSOAL
Nome pessoal Kateivas, Katielle Silva Brito
100 ## - ENTRADA PRINCIPAL - NOME PESSOAL
Nome pessoal Cairo, Paulo Araquém Ramos
100 ## - ENTRADA PRINCIPAL - NOME PESSOAL
Nome pessoal Neves, Pedro Henrique Santos
100 ## - ENTRADA PRINCIPAL - NOME PESSOAL
Nome pessoal Ribeiro, Roger Sebastian Silva
100 ## - ENTRADA PRINCIPAL - NOME PESSOAL
Nome pessoal Leitão, Carlos André Espolador
100 ## - ENTRADA PRINCIPAL - NOME PESSOAL
Nome pessoal Machado, Leohana Martins
245 ## - TÍTULO PRINCIPAL
Título principal Morphophysiological changes in Psidium cattleianum caused by air emissions from a mining industry in Brumado, Bahia, Brazil
500 ## - NOTA GERAL
Nota geral <br/><br/>Publicação online; 35 ref.; 5 illus.; Summaries (En, Pt)
942 ## - ADDED ENTRY ELEMENTS (KOHA)
Koha item type Analítica
520 ## - NOTA DE RESUMO
Nota de conteúdo <br/><br/><br/>ABSTRACT: Psidium cattleianum is a bioindicator species of air pollutants, notably NOx and SO2. The aim of this study was to evaluate the effects of air emissions from a mining industry in Brumado, Bahia, Brazil, on the morphophysiological characteristics of P. cattleianum. A field experiment was carried out with potted plants in two distinct areas: (1) permanent exposure to NOx and SO2 emissions; and (2) free from the influence of the plume formed by these air pollutants (control). Plant height, leaves area and quantity, leaves, stem and roots dry mass, and chlorophyll and soluble sugar contents were evaluated. In the plants exposed to the pollutant plume, height growth inhibition and leaf size and quantity reduction were observed, besides showing symptoms of chlorosis and necrosis. Dry matter production was also lower in all organs. The chlorophyll a content was lower, but chlorophyll b content did not change. The soluble sugars content was not affected by the pollutants. It was concluded that the atmospheric emissions from the mining industry negatively affect the physiological characteristics of P. cattleianum, inhibiting the plant growth. <br/><br/><br/><br/>Key words :araçá; bioindicators; environmental pollution; growth; phytotoxicity
520 ## - NOTA DE RESUMO
Nota de conteúdo <br/><br/><br/>RESUMO: Psidium cattleianum é uma espécie bioindicadora de poluentes atmosféricos, notadamente NOx e SO2. Neste estudo se objetivou avaliar os efeitos de emissões atmosféricas provenientes de uma indústria mineradora em Brumado, Bahia, Brasil, sobre características morfofisiológicas de P. cattleianum. Conduziu-se um experimento de campo, com plantas em vasos, em duas áreas distintas: (1) exposição permanente às emissões de NOx e SO2; e (2) livre da influência da pluma formada por esses poluentes atmosféricos (controle). Avaliaram-se altura de plantas, área foliar, número de folhas, massa seca de folhas, caule e raízes e teores de clorofilas e açúcares solúveis. Nas plantas expostas à pluma de poluentes, observaram-se inibição no crescimento em altura e redução no tamanho e quantidade de folhas, além de sintomas de clorose e necrose. A produção de massa seca também foi menor, em todos os órgãos. O teor de clorofila a foi mais baixo, mas o de clorofila b não se alterou. O teor de açúcares solúveis não foi afetado pelos poluentes. Concluiu-se que as emissões atmosféricas provenientes da indústria mineradora afetam negativamente características morfofisiológicas de P. cattleianum, inibindo o crescimento das plantas. <br/><br/><br/><br/>Palavras-chave: araçá; bioindicadores; poluição atmosférica; crescimento; fitotoxicidade
650 ## - ASSUNTO - THESAGRO
Cabeçalho tópico ou nome geográfico ARAÇÃ
650 ## - ASSUNTO - THESAGRO
Cabeçalho tópico ou nome geográfico FRUTA TROPICAL
650 ## - ASSUNTO - THESAGRO
Cabeçalho tópico ou nome geográfico POLUIÇÃO DO AR
650 ## - ASSUNTO - THESAGRO
Cabeçalho tópico ou nome geográfico MINERAÇÃO
650 ## - ASSUNTO - THESAGRO
Cabeçalho tópico ou nome geográfico FITOTOXICIDADE
650 ## - ASSUNTO - THESAGRO
Cabeçalho tópico ou nome geográfico BIOINDICADOR
650 ## - ASSUNTO - THESAGRO
Cabeçalho tópico ou nome geográfico BAHIA
773 0# - ENTRADA ANALÍTICA
Host Biblionumber 4656
Registro do item 360705
Imprenta Recife-PE Universidade Federal Rural de Pernambuco 2006
Outro identificador 2026-1087
Título Revista Brasileira de Ciências Agrárias (Brazil)
ISSN 1981-1160
Colação v. 13(4) p. 1-8; (2018)
Número de controle de registro BR2025005712
856 ## - ACESSO E ENDEREÇO ELETRÔNICO
Identificador uniforme de recurso - URI http://www.agraria.pro.br/ojs32/index.php/RBCA/article/view/v13i4a5579/277

Nenhum exemplar disponível.

BINAGRI

Telefone: (61)3218-2567/2388/3357/2097 - binagri@agro.gov.br

Ministério da Agricultura e Pecuária , Esplanada dos Ministérios, Bloco D, Anexo B, Brasília/DF, CEP: 70.043-900